| 000 | 00554nam a2200181Ia 4500 | ||
|---|---|---|---|
| 008 | 240925s9999 xx 000 0 und d | ||
| 020 | _a812042778 | ||
| 082 | _a428.24076 SHA | ||
| 100 | _aSharpe ,J. Pamela | ||
| 245 | 0 | _aBarron's How to Prepare for the TOEFL Test : Test of English As a Foreign Language | |
| 250 | _a6th | ||
| 260 |
_aNew York: _bBarrons Educa Series _c,1986. |
||
| 300 |
_axx,1237p. _bNA _fOriginal |
||
| 500 | _aIncludes Illustrations | ||
| 600 | _aHumanities & Natural Science | ||
| 650 | _aEnglish and Old English | ||
| 942 | _cBK | ||
| 999 |
_c6761 _d6761 |
||